00518nam a2200169 a 45000010010000000030011000100080041000210200018000620350026000801000019001062450085001252600044002103000017002545000018002716500029002898560030003180001-1194ELIB.Books150514 2010 eng  a9781433669279 a(ELIB.Books)0001-1349 aPearcey, Nancy aSaving LeonardobA Call to Resist the Secular Assault on Mind, Morals, & Meaning aNashvillebB & H Publishing Groupc2010 a328c26.5 Cm aKBTS: Library aSociology & Anthropology nKBTS: LibraryuKBTS: Elib